Gia đình: những nẻo đường gập ghềnh ở phương Tây /

Wedi'i Gadw mewn:
Manylion Llyfryddiaeth
Prif Awdur: Nguyễn Tiến Dũng
Fformat: Erthygl
Iaith:Vietnamese
Pynciau:
Tagiau: Ychwanegu Tag
Dim Tagiau, Byddwch y cyntaf i dagio'r cofnod hwn!
Thư viện lưu trữ: Thư viện Trường Đại học Đà Lạt
LEADER 00752nam a2200277 4500
001 DLU040030430
040 # # |a DLU  |b vie 
041 # # |a vie 
044 # # |a vn 
100 # # |a Nguyễn Tiến Dũng 
245 # # |a Gia đình: những nẻo đường gập ghềnh ở phương Tây /  |c Nguyễn Tiến Dũng 
651 # # |a Châu Âu 
653 # # |a Gia đình 
773 # # |t Xã hội học   |g Số 3, 1998, tr 132 - 137 
920 # # |a Phòng Tạp chí -- Trung tâm Thông tin - Thư viện Trường Đại học Đà Lạt 
933 # # |a CP 
933 # # |a XH 
994 # # |a DLU 
900 # # |a True 
911 # # |a Trần Văn Thống Nhất 
925 # # |a G 
926 # # |a A 
927 # # |a BB 
980 # # |a Thư viện Trường Đại học Đà Lạt